| 000 | 01152nam a22003497a 4500 | ||
|---|---|---|---|
| 003 | CHAP | ||
| 005 | 20220329133715.0 | ||
| 008 | 971013s1990 r 00010 d | ||
| 010 | _a9765 | ||
| 011 | _a10737 | ||
| 035 | _a9975 | ||
| 040 | _cCHAP | ||
| 082 |
_a511.8 _bC6 |
||
| 100 | 0 | 0 |
_aCormen, Thomas H. _928012 |
| 245 | _aIntroduction to algorithms | ||
| 260 |
_aCambridge : _bThe MIT Press, _c1990 |
||
| 300 | _a1028 p. | ||
| 490 | _aThe MIT electrical engineering and computer science series | ||
| 590 |
_aBATCH-UPD _b10 _c20130110 _lUCH01 _h0018 |
||
| 590 |
_aBATCH-UPD _b10 _c20130110 _lUCH01 _h1616 |
||
| 590 |
_aBATCH-UPD _b10 _c20130410 _lUCH01 _h1010 |
||
| 590 |
_aBATCH-UPD _b10 _c20130914 _lUCH01 _h1049 |
||
| 590 |
_aCONVERSION _b10 _c20130109 _lUCH01 _h1306 |
||
| 650 | 1 | 4 |
_aAlgoritmos. _94077 |
| 650 | 1 | 4 |
_aProgramación (Computadoras) _992368 |
| 700 | 0 |
_aLeiserson, Charles E. _965906 |
|
| 700 | 0 |
_aRivest, Ronald L. _997804 |
|
| 830 | 0 |
_aThe MIT electrical engineering and computer science series _9112680 |
|
| 901 | _aBK | ||
| 942 | _cLIBRO | ||
| 949 |
_a511.8 C6 _bBC _cLIBRO _d33724002205009 _eLIBRO _gI. 169859 _h86340 _i9975 _si _t220.55 |
||
| 999 |
_c9765 _d9765 |
||